Costa Rica a la luz del Censo del 2000 /

Đã lưu trong:
Chi tiết về thư mục
Tác giả chính: Rosero Bixby, Luis
Nhiều tác giả của công ty: Universidad de Costa Rica. Centro Centroamericano de Población, CCP
Định dạng: Không biết
Được phát hành: San José: UCR. CCP. Imprenta Nacional
Các nhãn: Thêm thẻ
Không có thẻ, Là người đầu tiên thẻ bản ghi này!

MARC

LEADER 00000 a2200000 04500
001 30419
003
008 991231s d
040
020 |a 9977-15-123-7  
022 |a 9977-15-123-7  
090 |a 1001 R816c  
100 |a Rosero Bixby, Luis  
110 |a Universidad de Costa Rica. Centro Centroamericano de Población  
245 |a Costa Rica a la luz del Censo del 2000 /  |c Universidad de Costa Rica. Centro Centroamericano de Población  
260 |a San José:   |b UCR. CCP. Imprenta Nacional  
300 |a 594 p.  
710 |a CCP  
999 |c 8847  |d 8847